Aspects of Labour Welfare and Social Security (Record no. 5466)

MARC details
000 -LEADER
fixed length control field 00340nam a2200133Ia 4500
008 - FIXED-LENGTH DATA ELEMENTS--GENERAL INFORMATION
fixed length control field 191201s2011 xx 000 0 und d
100 ## - MAIN ENTRY--PERSONAL NAME
Personal name SHARMA, A.M
245 #0 - TITLE STATEMENT
Title Aspects of Labour Welfare and Social Security
250 ## - EDITION STATEMENT
Edition statement 11th
260 ## - PUBLICATION, DISTRIBUTION, ETC. (IMPRINT)
Place of publication, distribution, etc N.Delhi
Name of publisher, distributor, etc Himalaya Publication House
Date of publication, distribution, etc 2011
300 ## - PHYSICAL DESCRIPTION
Extent 367
650 ## - SUBJECT ADDED ENTRY--TOPICAL TERM
Topical term or geographic name as entry element MBA
942 ## - ADDED ENTRY ELEMENTS (KOHA)
Source of classification or shelving scheme Dewey Decimal Classification
Koha item type Text Books
Holdings
Withdrawn status Lost status Source of classification or shelving scheme Damaged status Not for loan Collection code Home library Current library Date acquired Source of acquisition Cost, normal purchase price Bill Number Total Checkouts Full call number Acc. no. / Barcode Date last seen Bill Date Koha item type Checked out Date last borrowed Public note
    Dewey Decimal Classification     MBA PIET C-LIBRARY PIET C-LIBRARY 23/08/2012 IBH, New Delhi 260.00 8685   362.8 SAA 20701 04/12/2019 18/08/2012 Text Books      
    Dewey Decimal Classification     MBA PIET C-LIBRARY PIET C-LIBRARY 23/08/2012 IBH, New Delhi 260.00 8685   362.8 SAA 20702 04/12/2019 18/08/2012 Text Books      
    Dewey Decimal Classification     MBA PIET C-LIBRARY PIET C-LIBRARY 23/08/2012 IBH, New Delhi 260.00 8685   362.8 SAA 20703 04/12/2019 18/08/2012 Text Books      
    Dewey Decimal Classification     MBA PIET C-LIBRARY PIET C-LIBRARY 23/08/2012 IBH, New Delhi 260.00 8685   362.8 SAA 20704 04/12/2019 18/08/2012 Text Books      
    Dewey Decimal Classification     MBA PIET C-LIBRARY PIET C-LIBRARY 23/08/2012 IBH, New Delhi 260.00 8685 2   20705 29/01/2025 18/08/2012 Text Books 18/08/2025 29/01/2025 .
    Dewey Decimal Classification     MBA PIET C-LIBRARY PIET C-LIBRARY 23/08/2012 IBH, New Delhi 260.00 8685   362.8 SAA 20706 04/12/2019 18/08/2012 Text Books      
    Dewey Decimal Classification     MBA PIET C-LIBRARY PIET C-LIBRARY 23/08/2012 IBH, New Delhi 260.00 8685   362.8 SAA 20707 04/12/2019 18/08/2012 Text Books      

Design & Developed by: PIET Central Library
R70 Miles Stone Pattikalyana Samalkha Panipat 132102
mail ID :- [email protected], Phone No:- 0180-2569700 Ex.216